| 000 | 01696nam a2200493 i 4500 | ||
|---|---|---|---|
| 001 | 15518 | ||
| 003 | KOSZ 005 | ||
| 005 | 20200630115652.0 | ||
| 008 | 200418s1973 pl a f f 000 0 pol | ||
| 015 | _aUWD 1973/5882 | ||
| 035 | _a991033603549705066 | ||
| 035 | _a(PL-WaBN)b18995743-48omnis_nlop | ||
| 035 | _ab18995743 | ||
| 035 | _a(OCoLC)749446135 | ||
| 035 | _a(PL)b0000001899574 | ||
| 035 | _a(EXLNZ-48OMNIS_NETWORK)9910268464105606 | ||
| 040 |
_aWA N _cWA N _dKOSZ 005/RW |
||
| 046 | _k1973 | ||
| 080 | _a005.1 | ||
| 080 | _a(075.8) | ||
| 100 | 1 |
_aCzermiński, Alfred _d(1923-2011) _eAutor |
|
| 245 | 1 | 0 |
_aElementy teorii organizacji i zarządzania / _cAlfred Czermiński, Jerzy Trzcieniecki. |
| 260 |
_aWarszawa : _bPaństwowe Wydawnictwo Naukowe, _c1973. |
||
| 300 |
_a175, [1] stron : _bilustracje ; _c24 cm. |
||
| 336 |
_aTekst _btxt _2rdacontent |
||
| 337 |
_aBez urządzenia pośredniczącego _bn _2rdamedia |
||
| 338 |
_aWolumin _bnc _2rdacarrier |
||
| 380 | _aKsiążki | ||
| 380 | _aPublikacje dydaktyczne | ||
| 388 | _a1901-2000 | ||
| 388 | _a1945-1989 | ||
| 504 | _aBibliografia na stronach 173-[174]. | ||
| 521 | 8 | _aSkrypt dla studentów kierunku ekonomicznego. | |
| 650 | 7 |
_aOrganizacja _2DBN |
|
| 650 | 7 |
_aZarządzanie _2DBN |
|
| 650 | 7 | _aTeoria | |
| 655 | 7 |
_aPodręczniki akademickie _2DBN |
|
| 658 | _aZarządzanie i marketing | ||
| 700 | 1 |
_aTrzcieniecki, Jerzy _d(1920-2014) _eAutor |
|
| 710 | 2 |
_aPaństwowe Wydawnictwo Naukowe _4pbl |
|
| 856 |
_uhttp://koha.tu.koszalin.pl/cgi-bin/koha/opac-detail.pl?biblionumber=15518 _yKatalog online BPK |
||
| 942 |
_2UKD _cKS |
||
| 999 |
_c15518 _d15518 |
||